[Event "St Martin op"]
[Site "St Martin"]
[Date "1992.??.??"]
[Round "8"]
[White "Renet, Olivier"]
[Black "Fedorowicz, John P"]
[Result "1/2-1/2"]
[WhiteElo "2495"]
[BlackElo "2530"]

1.e4 c5 2.Nf3 Nc6 3.d4 cxd4 4.Nxd4 Nf6 5.Nc3 d6 6.Bg5 e6 7.Qd2 a6 8.Be2 Bd7
9.f4 b5 10.Bf3 Rc8 11.e5 dxe5 12.Nxc6 Bxc6 13.Bxc6+ Rxc6 14.Qxd8+ Kxd8 15.fxe5 h6
16.O-O-O+ Kc8 17.Bxf6 gxf6 18.exf6 Rg8 19.g3 Bd6 20.Ne4 Be5 21.Rd3 Rg4 22.Re1 h5
23.Kb1 Rg6 24.a3 Rc7 25.Rf1 h4 26.c3 hxg3 27.hxg3 Kb7 28.Rff3 Rh6 29.g4 Rh1+
30.Ka2 Rg1 31.Nf2 a5 32.Rde3 Bh2 33.Rh3 Rg2 34.Ne4 Bf4 35.Ref3 e5  1/2-1/2

[Event "St Petersburg op"]
[Site "St Petersburg"]
[Date "1992.??.??"]
[Round "?"]
[White "Rutman, A."]
[Black "Ionov, Sergey"]
[Result "1/2-1/2"]
[WhiteElo "2355"]
[BlackElo "2500"]

1.e4 c5 2.Nf3 d6 3.d4 cxd4 4.Nxd4 Nf6 5.Nc3 Nc6 6.Bg5 Bd7 7.Qd2 Rc8 8.O-O-O Nxd4
9.Qxd4 Qa5 10.Bd2 e5 11.Qd3 a6 12.a3 Be6 13.Kb1 Qc5 14.Be3 Qa5 15.Bd2 Qc7
16.Be2 h6 17.f4 Be7 18.f5 Bc4 19.Qf3 Bxe2 20.Qxe2 Qc4 21.Qd3 Qxd3 22.cxd3 Bd8
23.Rc1 Kd7 24.Be3 Rc6 25.h3 Ba5 26.b4 Rhc8 27.Kb2 Bb6 28.Bxb6 Rxb6 29.g4 Rbc6
30.Rhg1 Rg8 31.h4 g5 32.fxg6 fxg6 33.Rcf1 Ke6 34.g5 hxg5 35.hxg5 Nh7  1/2-1/2

[Event "Stockholm op2"]
[Site "Stockholm"]
[Date "1992.??.??"]
[Round "?"]
[White "Furhoff, Johan"]
[Black "Sjoberg, Mats"]
[Result "1-0"]
[WhiteElo "2250"]
[BlackElo "2470"]

1.e4 c5 2.Nf3 d6 3.d4 cxd4 4.Nxd4 Nf6 5.Nc3 Nc6 6.Bg5 e6 7.Qd2 a6 8.O-O-O h6
9.Be3 Nxd4 10.Bxd4 Be7 11.Bxf6 Bxf6 12.Qxd6 Qxd6 13.Rxd6 Bxc3 14.bxc3 Ke7
15.e5 Bd7 16.Be2 Rhc8 17.Rhd1 Rc7 18.c4 Rac8 19.R1d4 Bc6 20.g3 g5 21.Kd2 Ba4
22.f4 gxf4 23.gxf4 Bc6 24.Rd3 Rg8 25.Rg3 Rxg3 26.hxg3 f6 27.Ke3 fxe5 28.fxe5 Bd7
29.Kd4 Rc8 30.Bf3 Rg8 31.g4 Bc8 32.c5 Rf8 33.Ke3 Rd8 34.c3 a5 35.a3 Rd7 36.Kd4 Rc7
37.Be2 Bd7 38.Rb6 Bc6 39.Bb5 Bf3 40.Bd3 Bxg4 41.Be4 h5 42.Rxb7 Rxb7 43.Bxb7 Kd8
44.Ke3 Kc7 45.Be4 Bd1 46.Kf4 h4 47.Bg2 h3 48.Bxh3  1-0

[Event "Stockholm op2"]
[Site "Stockholm"]
[Date "1992.??.??"]
[Round "?"]
[White "Furhoff, Johan"]
[Black "Degerman, Lars"]
[Result "1-0"]
[WhiteElo "2250"]
[BlackElo "2460"]

1.e4 c5 2.Nf3 Nc6 3.d4 cxd4 4.Nxd4 Nf6 5.Nc3 d6 6.Bg5 e6 7.Qd2 a6 8.O-O-O h6
9.Be3 Bd7 10.f4 b5 11.Bd3 Be7 12.Kb1 Nxd4 13.Bxd4 b4 14.Ne2 Qa5 15.h3 e5
16.Be3 O-O 17.g4 Be6 18.b3 d5 19.fxe5 Nxe4 20.Bxe4 dxe4 21.Nf4 Rfd8 22.Bd4 Rd7
23.Qe2 Rad8 24.Bb2 Rxd1+ 25.Rxd1 Rxd1+ 26.Qxd1 Bg5 27.Nxe6 fxe6 28.Qd6 Qd5
29.c4 Qxd6 30.exd6 e3 31.Bd4 Kf7 32.Kc2 e2 33.Bf2 Be3 34.Be1 Bc5 35.Kd3 e5
36.Kxe2 Ke6 37.Bf2 Bxd6 38.Kd3 Be7 39.Ke4 g6 40.Bg3 Bd6 41.Bh2 h5  1-0

[Event "Subotica Palic"]
[Site "Subotica"]
[Date "1992.??.??"]
[Round "?"]
[White "Vuksanovic, Sanja"]
[Black "Cabrilo, Goran"]
[Result "0-1"]
[WhiteElo "2270"]
[BlackElo "2520"]

1.e4 c5 2.Nf3 Nc6 3.d4 cxd4 4.Nxd4 Nf6 5.Nc3 d6 6.Bg5 e6 7.Qd2 h6 8.Be3 Ng4
9.Nxc6 bxc6 10.Bf4 e5 11.Bg3 Be6 12.f3 Nf6 13.f4 exf4 14.Bxf4 Ng4 15.h3 Ne5
16.Qd4 Qh4+ 17.Qf2 Nf3+ 18.gxf3 Qxf4 19.Ne2 Qe5 20.Qd4 Be7 21.h4 h5 22.f4 Qxd4
23.Nxd4 Bd7 24.O-O-O g6 25.Bh3 Rc8 26.Bxd7+ Kxd7 27.Rd3 Rhe8 28.Nf3 Bf8 29.e5 Kc7
30.Rhd1 Rcd8 31.c4 Be7 32.Kc2 dxe5 33.Nxe5 Rxd3 34.Rxd3 Bd6 35.Nxf7 Bxf4
36.Rf3 Be3 37.Kd3 Bc1 38.b4 Ba3 39.b5 cxb5 40.cxb5 Rf8 41.Kc4 Be7 42.Ne5 Rxf3
43.Nxf3 Kd6 44.a4 Bd8 45.Kd4 Bb6+ 46.Ke4 Bd8 47.Kd4 Bf6+ 48.Kc4 Bd8 49.Kd4 Bb6+
50.Ke4 Kc5 51.Ne5 Kb4 52.Nxg6 Kxa4 53.Nf4 Kxb5 54.Kd3 Kb4 55.Kc2 Bd4 56.Nxh5 Be5
57.Kd3 a5 58.Ke4 a4 59.Kxe5 a3 60.Nf6 a2 61.h5 a1=Q+ 62.Ke6 Qc1 63.Kf7 Qh6
64.Ke6 Kc4 65.Ke5 Qg5+ 66.Ke6 Kd3 67.Kf7 Ke2 68.Ke7 Kf3 69.Ke6 Kf4 70.Nd5+ Kg4
71.Nf6+ Kh4  0-1

[Event "SWZ-chI op"]
[Site "?"]
[Date "1992.??.??"]
[Round "4"]
[White "Belotti, Bruno"]
[Black "Sher, Miron N"]
[Result "1-0"]
[WhiteElo "2405"]
[BlackElo "2505"]

1.e4 c5 2.Nf3 d6 3.d4 Nf6 4.Nc3 cxd4 5.Nxd4 Nc6 6.Bg5 e6 7.Qd2 a6 8.O-O-O h6
9.Be3 Be7 10.f4 Nxd4 11.Bxd4 b5 12.Bd3 Bb7 13.Rhe1 O-O 14.Kb1 Bc6 15.e5 dxe5
16.fxe5 Nd5 17.Ne4 Nb4 18.Nf6+ Kh8 19.Be4 Rc8 20.c3 Nd5 21.Bxd5 Bxd5 22.Re3 Re8
23.Rh3 Bf8 24.Rxh6+ gxh6 25.Qd3 Qxf6 26.exf6 Rcd8 27.Qg3 Be4+ 28.Kc1 Bg6
29.Be3 Rxd1+ 30.Kxd1 e5 31.Qh4 h5 32.g4 Rd8+ 33.Ke2 Rd5 34.gxh5 Bf5 35.Qg5 e4
36.Qf4 Kg8 37.Qb8 Bg4+ 38.Ke1 Rxh5 39.Qg3  1-0

[Event "Tampere"]
[Site "Tampere"]
[Date "1992.??.??"]
[Round "1"]
[White "Nokso Koivisto, Antti"]
[Black "Yrjola, Jouni"]
[Result "1/2-1/2"]
[WhiteElo "2330"]
[BlackElo "2485"]

1.e4 c5 2.Nf3 d6 3.d4 cxd4 4.Nxd4 Nf6 5.Nc3 Nc6 6.Bg5 e6 7.Qd2 a6 8.O-O-O Bd7
9.f4 Be7 10.Nf3 b5 11.Bxf6 gxf6 12.f5 Qb6 13.g3 O-O-O 14.Bh3 Kb8 15.Kb1 Bc8
16.Qh6 b4 17.Ne2 e5 18.Rhe1 Bb7 19.Bf1 Na5 20.Nc1 Ka7 21.Nb3 d5 22.exd5 Rxd5
23.Rxd5 Bxd5 24.Nfd2 Rd8 25.Bd3 Nc6  1/2-1/2

[Event "Tashkent"]
[Site "Tashkent"]
[Date "1992.??.??"]
[Round "?"]
[White "Blodstein, Arkady"]
[Black "Serper, Grigory"]
[Result "0-1"]
[WhiteElo "2375"]
[BlackElo "2575"]

1.e4 c5 2.Nf3 d6 3.d4 cxd4 4.Nxd4 Nf6 5.Nc3 Nc6 6.Bg5 e6 7.Qd2 a6 8.O-O-O h6
9.Bf4 Bd7 10.Nxc6 Bxc6 11.Qe1 Be7 12.f3 Qc7 13.e5 dxe5 14.Bxe5 Qb6 15.Bc4 O-O
16.Bd4 Qc7 17.Be5 Qb6 18.Bd4 Qb4 19.Bb3 Rad8 20.Qf2 Rd7 21.Rd3 Rfd8 22.Rhd1 Qd6
23.f4 Qb8 24.h3 b5 25.g4 b4 26.Na4 Bb5 27.Bxf6 Rxd3 28.Rxd3 Bxf6 29.Rxd8+ Qxd8
30.c4 Bc6 31.Nc5 a5 32.Qe3 Qb8 33.Qf2 a4 34.Bc2 b3 35.axb3 axb3 36.Be4 Qb4
37.Bxc6 Qxc4+ 38.Kd1 Bd4 39.Qe2 Qxc5 40.Ba4 Qd5 41.Qd3 Qh1+ 42.Ke2 Qg2+ 43.Kd1 Qg1+
44.Ke2 Qf2+ 45.Kd1 Qxf4 46.Bxb3 Bxb2 47.Ke2 Qh2+ 48.Kf1 Qh1+ 49.Kf2 Bd4+
50.Ke2 Qg2+ 51.Kd1 Qg1+ 52.Kd2 Qf2+ 53.Kd1 Be3 54.Bc2 Qf3+ 55.Ke1 g6 56.Qe2 Qxh3
57.Be4 Qg3+ 58.Kd1 Qg1+ 59.Kc2 Qc1+ 60.Kb3 Bd4 61.Qd3 Bg7 62.Qc2 Qf4 63.Qe2 Be5
64.Kc2 Kg7 65.Kd3 Kf6  0-1

[Event "Tilburg rapid"]
[Site "Tilburg"]
[Date "1992.??.??"]
[Round "4"]
[White "Ernst, Thomas"]
[Black "Popovic, Petar"]
[Result "0-1"]
[WhiteElo "2570"]
[BlackElo "2535"]

1.e4 c5 2.Nf3 Nc6 3.d4 cxd4 4.Nxd4 d6 5.Nc3 Nf6 6.Bg5 e6 7.Qd2 a6 8.O-O-O Bd7
9.f4 b5 10.Bxf6 gxf6 11.Nxc6 Bxc6 12.Qe1 Be7 13.Bd3 Qb6 14.Kb1 h5 15.f5 b4
16.Ne2 e5 17.Ng3 h4 18.Nf1 Qc5 19.Ne3 Bd8 20.Bc4 Bb6 21.Nd5 Bxd5 22.Bxd5 Rc8
23.Qe2 a5 24.g3 hxg3 25.hxg3 Ke7 26.Bb3 Qc6 27.Bd5 Qc7 28.Bb3 Bd4 29.Rh5 Qc6
30.Rdh1 Rxh5 31.Rxh5 Rf8 32.Rh7 Bb6 33.Qh5 Qe8 34.g4 Be3 35.Bd5 a4 36.a3 bxa3
37.bxa3 Kd8 38.Rxf7 Rxf7 39.Qxf7 Qxf7 40.Bxf7 Kd7 41.c3 Bf4 42.Kc2 Bg5 43.Bc4 Kc6
44.Bf7 Kb5 45.Be8+ Ka5 46.Kd3 Bc1 47.Kc4 Bxa3 48.g5 fxg5 49.f6 g4 50.f7 d5+
51.exd5 g3 52.d6 Bxd6 53.Bc6 a3 54.Kb3 Kb6 55.Be4 Kc7 56.Bd5 Kd7 57.c4 Bc5
58.Bf3 Ke7 59.Bd5 e4 60.Bxe4 Kxf7 61.Ka2 Kf6 62.Kb3 Ke5 63.Bg2 Kf4 64.Ka2 Ke3
65.Kb3 Kf2 66.Bd5 g2 67.Bxg2 Kxg2 68.Ka2 Kf2 69.Kb3 Ke3 70.Ka2 Kd3 71.Kb1 Kc3
72.Ka2 Kb4 73.Ka1 Kb3 74.Kb1 a2+ 75.Ka1 Bd4+  0-1

[Event "Uppsala op"]
[Site "Uppsala"]
[Date "1992.??.??"]
[Round "?"]
[White "Ernst, Thomas"]
[Black "Degerman, Lars"]
[Result "1-0"]
[WhiteElo "2570"]
[BlackElo "2460"]

1.e4 c5 2.Nf3 Nc6 3.d4 cxd4 4.Nxd4 Nf6 5.Nc3 d6 6.Bg5 e6 7.Qd2 a6 8.O-O-O h6
9.Bf4 Bd7 10.Nxc6 Bxc6 11.f3 d5 12.Qe1 b5 13.Be5 Bb4 14.Qg3 O-O 15.exd5 Bxc3
16.Bxc3 Bxd5 17.Bd3 Nh5 18.Qg4 Qg5+ 19.Qxg5 hxg5 20.Be4 Bxe4 21.fxe4 Rfd8
22.Rxd8+ Rxd8 23.Rd1 Rxd1+ 24.Kxd1 Kh7 25.Kd2 Kg6 26.Ke3 f5 27.Be5 Nf6 28.Bxf6 gxf6
29.c3 f4+ 30.Kf3 Kf7 31.Kg4 Kg6 32.b3 f5+ 33.exf5+ exf5+ 34.Kf3 Kf6 35.h4 gxh4
36.Kxf4 a5 37.a4 bxa4 38.bxa4 Ke6 39.c4 Kf6 40.c5 Ke6 41.c6 Kd6 42.Kxf5 Kxc6
43.Kg4 Kc5 44.Kxh4 Kb4 45.g4 Kxa4 46.g5 Kb3 47.g6 a4 48.g7 a3 49.g8=Q+ Kb2
50.Qg2+ Kb1 51.Qf1+ Kb2  1-0

[Event "Vejle-A"]
[Site "Vejle"]
[Date "1992.??.??"]
[Round "?"]
[White "Madsen, Peder"]
[Black "Krogh, Carsten"]
[Result "0-1"]
[WhiteElo "2285"]
[BlackElo "2280"]

1.e4 c5 2.Nf3 Nc6 3.d4 cxd4 4.Nxd4 Nf6 5.Nc3 d6 6.Bg5 e6 7.Qd2 a6 8.O-O-O Bd7
9.f4 b5 10.Bxb5 axb5 11.Ndxb5 Qb8 12.e5 Nb4 13.Nxd6+ Bxd6 14.Qxd6 Qxd6 15.Rxd6 Nfd5
16.Nxd5 Nxa2+ 17.Kd2 exd5 18.Ra1 h6 19.Bh4 g5 20.Bf2 Be6 21.c3 O-O 22.Rf1 Rfb8
23.Bb6 Ra6 24.Rd8+ Rxd8 25.Bxd8 d4 26.fxg5 dxc3+ 27.bxc3 h5 28.Rf6 Ra8 29.Be7 Re8
30.Bc5 Rd8+ 31.Bd6 Rc8 32.Rf3 Rc4 33.Be7 Re4 34.Bf6 Bg4 35.Rf2 Rc4 36.h3 Be6
37.g4 Nxc3 38.Kd3 Ne4 39.Rg2 Nxf6 40.gxf6 hxg4 41.hxg4 Rxg4 42.Rh2 Bf5+ 43.Kc3 Re4  0-1

[Event "Viernheim"]
[Site "Viernheim"]
[Date "1992.??.??"]
[Round "2"]
[White "Vatter, Hans Joachim"]
[Black "Banas, Jan"]
[Result "1/2-1/2"]
[WhiteElo "2300"]
[BlackElo "2375"]

1.e4 c5 2.Nf3 d6 3.d4 cxd4 4.Nxd4 Nf6 5.Nc3 Nc6 6.Bg5 e6 7.Qd2 a6 8.O-O-O Bd7
9.Nb3 h6 10.Bxf6 Qxf6 11.f4 Qd8 12.h4 Qc7 13.Kb1 O-O-O 14.g4 Kb8 15.Bg2 Bc8
16.Qf2 g6 17.e5 Be7 18.Rhf1 h5 19.g5 d5 20.Ne2 Na5 21.Nxa5 Qxa5 22.Nd4 Bd7
23.Qg3 Ka8 24.Rf3 Rc8 25.Bf1 Rc7 26.Qe1 Qxe1 27.Rxe1 Rhc8 28.Rd1 Ka7 29.Be2 Ba4
30.Rd2 Bc5 31.c3 Bd7 32.Rf1 b5 33.a3 Kb6 34.Nc2 a5 35.Rf3 Bf8 36.Rh3 Rb7
37.Rd1 Ka7 38.b4 Kb6 39.Kb2 Ra7 40.Ra1 Rca8 41.Rhh1 Rc8 42.Nd4 Rac7 43.Rh3 Be7
44.Re3 Ra7 45.Nb3 axb4 46.axb4 Rxa1 47.Kxa1 Bf8 48.Kb2 Be7 49.Rf3 Bc6 50.Nd4 Bd7
51.Rf1 Ra8 52.Bf3 Bc6 53.Rd1 Bb7 54.Ra1 Rxa1 55.Kxa1 Bf8 56.Kb2 Bg7 57.Kc2 Bf8
58.Kd2 Be7 59.Ke3 Bc6 60.Bd1 Be8 61.Ne2 Bf8 62.Kd4 Be7 63.Ng3 Kc6 64.Nxh5 gxh5
65.Bxh5 Bd8 66.Bf3 Bb6+ 67.Kd3 Kd7 68.h5 Ke7 69.f5 Kf8 70.Bg4 Bc7 71.Kd4 Bb6+
72.Kd3 Bc7 73.fxe6 Bxe5 74.exf7 Kxf7 75.Bf5 Bf4 76.Kd4 Bxg5 77.Bg6+ Ke7 78.Bxe8 Kxe8
79.Kxd5 Bf6 80.c4 bxc4 81.Kxc4 Kf8 82.Kd5 Kg7 83.Ke6 Bc3 84.b5 Kh6 85.b6 Ba5
86.b7 Bc7  1/2-1/2

[Event "Warsaw op"]
[Site "Warsaw"]
[Date "1992.??.??"]
[Round "6"]
[White "Wiech, Grzegorz"]
[Black "Dragomarezkij, Evgeni"]
[Result "1/2-1/2"]
[WhiteElo "2245"]
[BlackElo "2435"]

1.e4 c5 2.Nf3 d6 3.d4 cxd4 4.Nxd4 Nf6 5.Nc3 Nc6 6.Bg5 Bd7 7.Qd2 Rc8 8.O-O-O Nxd4
9.Qxd4 Qa5 10.Bd2 a6 11.Kb1 Qc5 12.Qxc5 Rxc5 13.f3 e6 14.Be2 Be7 15.Bf4 Rc6
16.Rd2 b5 17.Bd3 h6 18.Rhd1 Nh5 19.Be3 Bg5 20.Bxg5 hxg5 21.Bxb5 axb5 22.Nxb5 O-O
23.Nxd6 Rc7 24.c4 Rb8 25.b3 Bc6 26.Kb2 Nf4 27.Kc3 e5 28.Nf5 Ne6 29.Ne3 Ra7
30.a4 Rab7 31.Rb2 Bxa4 32.Rdb1 Bd7 33.b4 Rc8 34.Ra1 Bb5 35.c5 Nd4 36.Nc4 Re7
37.Nd6 Rb8 38.Nxb5 Rxb5 39.Ra8+ Kh7 40.Kc4 Rc7 41.Rd2 Rcb7 42.Ra4 f6 43.Rxd4 exd4
44.c6 R7b6 45.c7 Rxb4+ 46.Rxb4 Rc6+ 47.Kxd4 Rxc7 48.Rb2 Kg6 49.Ke3 Kf7 50.Kf2 Rc3
51.Kg3 Rc5 52.Kg4 Kg6 53.g3 Rc3 54.Re2 Ra3 55.h4 gxh4 56.gxh4 Ra1 57.e5 Ra4+
58.f4 fxe5 59.Rxe5 Ra1 60.Re6+ Kf7  1/2-1/2

[Event "Sonnevanck"]
[Site "Wijk aan Zee"]
[Date "1992.??.??"]
[Round "2"]
[White "Ernst, Thomas"]
[Black "Kotronias, Vasilios"]
[Result "1/2-1/2"]
[WhiteElo "2570"]
[BlackElo "2550"]

1.e4 c5 2.Nf3 d6 3.d4 cxd4 4.Nxd4 Nf6 5.Nc3 Nc6 6.Bg5 e6 7.Qd2 a6 8.O-O-O h6
9.Bf4 Bd7 10.Nxc6 Bxc6 11.f3 d5 12.Qe1 Bb4 13.a3 Ba5 14.exd5 Nxd5 15.b4 Nxf4
16.Rxd8+ Bxd8 17.h4 O-O 18.Qe3 Bc7 19.Kb1 Rfd8 20.g4 Rd6 21.Be2 Nd5 22.Nxd5 exd5
23.Bd3 Re6 24.Qf2 Rae8 25.g5 Bf4 26.gxh6 Bxh6 27.Qg2 Rf6 28.Rf1 Re3 29.Qg4 Rf4
30.Qc8+ Re8 31.Qc7 Rf6 32.f4 Rfe6 33.f5 R6e7 34.Qd6 f6 35.Bxa6 Rd7 36.Qc5 Be3
37.Qc3 d4 38.Qb3+ Kh8 39.Bc4 Rc7 40.Re1 Re5 41.Bd3 b5 42.c4 dxc3 43.Qxc3 Bd4
44.Qd2 Ra7 45.Rxe5 Bxe5 46.Qc1 Rc7 47.Qf1 Ra7 48.Qc1 Rc7 49.Qd1 Ra7 50.Qc2 Bd7
51.Ka2 Rc7 52.Qe2 Be8 53.Bc2 Rc4 54.Bb3 Rc1 55.Be6 Ra1+ 56.Kb3 Rb1+  1/2-1/2

[Event "Wisla BES op"]
[Site "Wisla"]
[Date "1992.??.??"]
[Round "9"]
[White "Staniszewski, Piotr"]
[Black "Perdek, Miroslaw"]
[Result "1-0"]
[WhiteElo "2425"]
[BlackElo "2270"]

1.e4 c5 2.Nf3 d6 3.d4 cxd4 4.Nxd4 Nf6 5.Nc3 Nc6 6.Bg5 e6 7.Qd2 a6 8.O-O-O Bd7
9.f4 b5 10.Nxc6 Bxc6 11.Qe3 Be7 12.e5 Nd5 13.Nxd5 Bxd5 14.Bxe7 Qxe7 15.exd6 Qxd6
16.Be2 O-O 17.Bf3 Rac8 18.Bxd5 exd5 19.g3 Rc4 20.Rhe1 Qc6 21.Qd3 h6 22.Re5 Rc8
23.Rd2 Qc5 24.Rde2 Qg1+ 25.Qd1 Qxd1+ 26.Kxd1 Ra4 27.a3 b4 28.axb4 Rxb4 29.b3 Rc5
30.Re7 a5 31.Ra7 Rd4+ 32.Kc1 Re4 33.Rxe4 dxe4 34.c4 g5 35.Kd2 gxf4 36.gxf4 Rh5
37.Ke3 Rxh2 38.Kxe4 Rb2 39.c5 Rxb3 40.c6 Rc3 41.Kd5 Kf8 42.c7 Ke8 43.Kd6 Rd3+
44.Kc6 Rc3+ 45.Kb7 Rb3+ 46.Kc8 Ke7 47.Rb7 a4 48.Kb8  1-0

[Event "Zalakaros op"]
[Site "Zalakaros"]
[Date "1992.??.??"]
[Round "9"]
[White "Boros, Daniel"]
[Black "Lendvai, Noemi"]
[Result "0-1"]
[WhiteElo "2295"]
[BlackElo "2175"]

1.e4 c5 2.Nf3 Nc6 3.d4 cxd4 4.Nxd4 Nf6 5.Nc3 d6 6.Bg5 e6 7.Qd2 a6 8.O-O-O Bd7
9.f4 b5 10.a3 Qb6 11.Nb3 Rc8 12.Be2 Rc7 13.Rhe1 Na5 14.Nxa5 Qxa5 15.Kb1 Rb7
16.Bf3 Bc6 17.e5 Bxf3 18.gxf3 dxe5 19.fxe5 Nd7 20.Ne4 Qxd2 21.Rxd2 h6 22.Bh4 g5
23.Bg3 Nb6 24.Red1 Be7 25.Nd6+ Bxd6 26.Rxd6 Ke7 27.Be1 Ra8 28.Bb4 Ke8 29.h4 Nc4
30.hxg5 hxg5 31.Rg1 Nxd6 32.Bxd6 Kd7 33.Rxg5 Kc6 34.Rg4 Rh8 35.c4 Rh2 36.Ka2 Rf2
37.Rf4 bxc4 38.Rxc4+ Kd5 39.Rc5+ Kd4  0-1

[Event "Ibercaja op"]
[Site "Zaragoza"]
[Date "1992.??.??"]
[Round "?"]
[White "Sanchez Almeyra, Jorge"]
[Black "Gomez Jurado, Luis Alberto"]
[Result "1-0"]
[WhiteElo "2425"]
[BlackElo "2265"]

1.e4 c5 2.Nf3 Nc6 3.d4 cxd4 4.Nxd4 Nf6 5.Nc3 d6 6.Bg5 e6 7.Qd2 a6 8.O-O-O h6
9.Be3 Nxd4 10.Bxd4 Qa5 11.Bxf6 gxf6 12.f4 h5 13.Kb1 Bd7 14.Bc4 O-O-O 15.Bb3 Bc6
16.Rhf1 f5 17.Qd4 Rg8 18.Qf6 Qc7 19.Bxe6+ Kb8 20.Bxf7 Rxg2 21.Qxf5 Bg7 22.Bb3 Bd7
23.Qd5 Bc6 24.Qd3 Bxc3 25.bxc3 Re8 26.Rde1 Bb5 27.c4 Bc6 28.f5 a5 29.a4 Rg4
30.f6 Rg5 31.Rd1 Rge5 32.Qxd6 Qxd6 33.Rxd6 Kc7 34.Rd4 Rf8 35.Rf4 Kb6 36.Kb2 Kc5
37.Kc3 Kb6 38.Kd3 Kc7 39.Rd5 Bxd5 40.cxd5 Kd6 41.Kd4 b6 42.h4 Ree8 43.Rf5 Ra8
44.e5+ Kd7 45.Bc4 Rg8 46.Bb5+ Kc7 47.d6+ Kb7 48.f7 Rg4+ 49.Kd5 Rf8 50.Ke6  1-0

[Event "Aarhus"]
[Site "Aarhus"]
[Date "1993.??.??"]
[Round "9"]
[White "Sax, Gyula"]
[Black "Sher, Miron N"]
[Result "0-1"]
[WhiteElo "2570"]
[BlackElo "2500"]

1.e4 c5 2.Nf3 d6 3.d4 cxd4 4.Nxd4 Nf6 5.Nc3 Nc6 6.Bg5 e6 7.Qd2 a6 8.O-O-O h6
9.Be3 Be7 10.f4 Nxd4 11.Bxd4 b5 12.Bd3 Bb7 13.Rhe1 O-O 14.Kb1 Nd7 15.Qf2 Rc8
16.Bxg7 Kxg7 17.Qg3+ Kh8 18.Qh3 Kg7 19.Qg4+ Kh8 20.Qh5 Kg7 21.Re3 Rh8 22.e5 dxe5
23.Rg3+ Kf8 24.fxe5 Rc5 25.Rf1 Bf6 26.Qg4 Nxe5 27.Qf4 Bg5 28.Qf2 Rc7 29.Qe2 Qd6
30.h4 Bxh4 31.Re3 Nxd3 32.Rxd3 Bd5 33.Qh5 Bg5 34.Nxd5 exd5 35.Rdf3 Qe6 36.Rf5 Rg8
37.a3 Rg6 38.Qf3 Kg7 39.Qg3 Bd8 40.Qf3 Bg5 41.Qg3 Rd7  0-1

[Event "Aegina op"]
[Site "Aegina"]
[Date "1993.??.??"]
[Round "5"]
[White "Radovanovic, Jovica"]
[Black "Ermenkov, Evgenij"]
[Result "1/2-1/2"]
[WhiteElo "2265"]
[BlackElo "2505"]

1.e4 c5 2.Nf3 d6 3.d4 Nf6 4.Nc3 cxd4 5.Nxd4 Nc6 6.Bg5 Bd7 7.Qd2 a6 8.O-O-O b5
9.Bxf6 gxf6 10.Kb1 e6 11.Nxc6 Bxc6 12.Qe3 Qe7 13.Bd3 Qa7 14.Qe1 O-O-O 15.a3 h5
16.h4 Kb8 17.Rh3 Rg8 18.Bf1 Rc8 19.Rhd3 Qc5 20.Rd4 Bb7 21.Qd2 Be7 22.a4 b4
23.Na2 a5 24.c3 bxc3 25.Nxc3 Qb6 26.f3 d5 27.exd5 Bb4 28.Rc1 Rxc3 29.Rxc3 Bxc3
30.Qxc3 Bxd5 31.Bc4 Rc8 32.Qd3 Rxc4 33.Rxc4 Bxc4 34.Qxc4 f5 35.g4 fxg4 36.fxg4 hxg4
37.Qxg4 Qc6 38.Qd4 e5 39.Qxe5+  1/2-1/2

[Event "Altensteig-B"]
[Site "Altensteig"]
[Date "1993.??.??"]
[Round "9"]
[White "Sinz, Bernhard"]
[Black "Kraut, Rainer"]
[Result "1/2-1/2"]
[WhiteElo "2090"]
[BlackElo "2425"]

1.e4 c5 2.Nf3 d6 3.d4 cxd4 4.Nxd4 Nf6 5.Nc3 Nc6 6.Bg5 e6 7.Qd2 a6 8.O-O-O Bd7
9.Be2 Be7 10.Nb3 b5 11.Bxf6 gxf6 12.Bh5 Na5 13.Kb1 b4 14.Ne2 Nxb3 15.cxb3 a5
16.f4 Bc6 17.Qc2 Rc8 18.Nd4 Ba8 19.Qe2 O-O 20.f5 e5 21.Nc2 Rc5  1/2-1/2

[Event "Andorra op"]
[Site "Andorra"]
[Date "1993.??.??"]
[Round "2"]
[White "Vehi Bach, Victor Manuel"]
[Black "Spraggett, Kevin"]
[Result "0-1"]
[WhiteElo "2380"]
[BlackElo "2555"]

1.e4 c5 2.Nf3 d6 3.d4 cxd4 4.Nxd4 Nf6 5.Nc3 Nc6 6.Bg5 e6 7.Qd2 a6 8.O-O-O h6
9.Be3 Qc7 10.f4 Bd7 11.h3 b5 12.Bd3 Na5 13.g4 Nc4 14.Bxc4 Qxc4 15.Qd3 Rc8
16.Qxc4 Rxc4 17.e5 b4 18.exf6 bxc3 19.b3 Rc8 20.fxg7 Bxg7 21.Rhf1 h5 22.f5 hxg4
23.hxg4 Rh3 24.Bg5 e5 25.f6 Bf8 26.Nf5 Bxf5 27.gxf5 Kd7 28.Rd3 Rxd3 29.cxd3 d5
30.Re1 Bd6 31.Kc2 Rg8  0-1

[Event "Andorra op"]
[Site "Andorra"]
[Date "1993.??.??"]
[Round "4"]
[White "Jansa, Vlastimil"]
[Black "Sher, Miron N"]
[Result "1/2-1/2"]
[WhiteElo "2500"]
[BlackElo "2535"]

1.e4 c5 2.Nf3 d6 3.d4 Nf6 4.Nc3 cxd4 5.Nxd4 Nc6 6.Bg5 e6 7.Qd2 a6 8.O-O-O h6
9.Bf4 Bd7 10.Nxc6 Bxc6 11.f3 d5 12.Qe1 Bb4 13.a3 Ba5 14.Bd2 Qe7 15.e5  1/2-1/2

[Event "Arandjelovac"]
[Site "Arandjelovac"]
[Date "1993.??.??"]
[Round "2"]
[White "Zontakh, Andrey"]
[Black "Jovanovic, Sasa D"]
[Result "1-0"]
[WhiteElo "2455"]
[BlackElo "2290"]

1.e4 c5 2.Nf3 d6 3.d4 cxd4 4.Nxd4 Nf6 5.Nc3 Nc6 6.Bg5 e6 7.Qd2 Be7 8.O-O-O O-O
9.f4 h6 10.Bh4 Nxd4 11.Qxd4 a6 12.g4 Nxg4 13.Bxe7 Qxe7 14.Qxd6 Qxd6 15.Rxd6 b5
16.Be2 Nf6 17.e5 Bb7 18.Rhd1 Nd5 19.Nxd5 Bxd5 20.a4 bxa4 21.Rxa6 Rxa6 22.Bxa6 Ra8
23.Bb5 Ra5 24.c4 Be4 25.Re1 Bb7 26.Kc2 a3 27.b4 Ra8 28.Kb3 g5 29.fxg5 hxg5
30.Ra1 f6 31.exf6 Kf7 32.Rxa3 Kxf6 33.Rxa8 Bxa8 34.Ba6 Ke5 35.b5 Kd6 36.Kb4 e5
37.c5+ Kc7 38.b6+  1-0

[Event "Arandjelovac"]
[Site "Arandjelovac"]
[Date "1993.??.??"]
[Round "7"]
[White "Matulovic, Milan"]
[Black "Zontakh, Andrey"]
[Result "1/2-1/2"]
[WhiteElo "2460"]
[BlackElo "2455"]

1.e4 c5 2.Nf3 d6 3.d4 cxd4 4.Nxd4 Nf6 5.Nc3 Nc6 6.Bg5 e6 7.Qd2 a6 8.O-O-O h6
9.Be3 Be7 10.f3 Nxd4 11.Bxd4 b5 12.Qf2 Bd7 13.Bd3 Qc7 14.g4 b4 15.Ne2 e5
16.Bb6 Qc6 17.Kb1 Be6 18.Ng3 d5 19.Be3 dxe4 20.Nxe4 Nd5  1/2-1/2

[Event "AUT-ch"]
[Site "?"]
[Date "1993.??.??"]
[Round "11"]
[White "Kwatschewsky, Leo"]
[Black "Robatsch, Karl"]
[Result "1/2-1/2"]
[WhiteElo "2300"]
[BlackElo "2410"]

1.e4 c5 2.Nf3 d6 3.d4 cxd4 4.Nxd4 Nf6 5.Nc3 Nc6 6.Bg5 Bd7 7.Qd2 Rc8 8.O-O-O Nxd4
9.Qxd4 Qa5 10.Bd2 a6 11.Kb1 Qc7 12.Bd3 e5 13.Qe3 Be6 14.f4 exf4 15.Qxf4 Be7
16.g4 h6 17.Rhg1 Nd7 18.Nd5 Bxd5 19.exd5 Bf6  1/2-1/2

[Event "AUT-ch"]
[Site "?"]
[Date "1993.??.??"]
[Round "14"]
[White "Kwatschewsky, Leo"]
[Black "Lendwai, Reinhard"]
[Result "1/2-1/2"]
[WhiteElo "2300"]
[BlackElo "2425"]

1.e4 c5 2.Nf3 Nc6 3.d4 cxd4 4.Nxd4 Nf6 5.Nc3 d6 6.Bg5 Bd7 7.Qd2 Rc8 8.O-O-O Nxd4
9.Qxd4 Qa5 10.Bd2 e5 11.Qd3 a6 12.f3  1/2-1/2

[Event "AUT-ch"]
[Site "?"]
[Date "1993.??.??"]
[Round "15"]
[White "Schlosser, Michael"]
[Black "Wittmann, Walter"]
[Result "1/2-1/2"]
[WhiteElo "2400"]
[BlackElo "2410"]

1.e4 c5 2.Nf3 d6 3.d4 cxd4 4.Nxd4 Nf6 5.Nc3 Nc6 6.Bg5 e6 7.Qd2 a6 8.O-O-O Bd7
9.f4 h6 10.Bh4 g5 11.fxg5 Ng4 12.Nf3 hxg5 13.Bg3 Nce5 14.Kb1 Be7 15.Be2 b5
16.b3 Rb8 17.Rhf1 Nxf3 18.Bxf3 Ne5 19.Ne2 Qc7 20.Nc1 a5 21.h3 Rb7 22.Qe2 Kd8
23.Nd3 f6 24.Rh1  1/2-1/2

[Event "AUT-chT"]
[Site "?"]
[Date "1993.??.??"]
[Round "?"]
[White "Schlosser, Michael"]
[Black "Titz, Heimo"]
[Result "1-0"]
[WhiteElo "2390"]
[BlackElo "2325"]

1.e4 c5 2.Nf3 Nc6 3.d4 cxd4 4.Nxd4 Nf6 5.Nc3 d6 6.Bg5 Bd7 7.Qd2 Rc8 8.O-O-O Nxd4
9.Qxd4 Qa5 10.f4 e5 11.fxe5 dxe5 12.Qd3 Rxc3 13.bxc3 Ba3+ 14.Kd2 Bc6 15.Bxf6 gxf6
16.Qf3 Bb2 17.Rb1 Qxa2 18.Rxb2 Qxb2 19.Qxf6 Rg8 20.Qxe5+ Kf8 21.Qd6+ Kg7
22.Qe5+ Kf8 23.Qd6+ Kg7 24.Bd3 Qa2 25.Qe5+ Kf8 26.Qd6+ Kg7 27.Rf1 Qe6 28.Qd4+ Kf8
29.g3 Qh6+ 30.Kd1 Rg6 31.Qc5+ Kg8 32.Qxa7 Qxh2 33.Qb8+ Kg7 34.Qe5+ Kf8 35.Bc4 Be8
36.Qc5+ Kg7 37.Qe5+ Kf8 38.Qc5+ Kg7 39.Qe7 Qh5+ 40.Be2 Qa5 41.Qxe8 Qa1+ 42.Kd2 Rd6+
43.Ke3 Qxc3+ 44.Bd3 Qc5+ 45.Ke2 Qh5+ 46.Ke1 Qa5+ 47.Kd1 Qh5+ 48.Kc1 Qg5+
49.Rf4 Rf6 50.Qe7 Rf5 51.exf5 Qxe7 52.f6+ Qxf6 53.Rxf6 Kxf6 54.Bxh7  1-0

[Event "AUT-chT"]
[Site "?"]
[Date "1993.??.??"]
[Round "?"]
[White "Wach, Markus"]
[Black "Robatsch, Karl"]
[Result "1/2-1/2"]
[WhiteElo "2330"]
[BlackElo "2405"]

1.Nf3 c5 2.e4 d6 3.d4 cxd4 4.Nxd4 Nf6 5.Nc3 Nc6 6.Bg5 Bd7 7.Qd2 Rc8 8.O-O-O Nxd4
9.Qxd4 Qa5 10.f4 h6 11.Bh4 g5 12.e5 Bg7 13.Bf2 Nh5 14.Qxa7 Qxa7 15.Bxa7 dxe5
16.Rxd7 Kxd7 17.Bb5+ Ke6 18.f5+ Kxf5 19.g4+ Kxg4 20.Be2+ Kh3 21.Bxh5 f5 22.Rf1 e6
23.Be2 e4 24.Rg1 Bxc3 25.Bf2 Be5 26.Bf1+ Kxh2 27.Rg2+  1/2-1/2

[Event "AUT-chT"]
[Site "?"]
[Date "1993.??.??"]
[Round "?"]
[White "Schlosser, Michael"]
[Black "Lendwai, Reinhard"]
[Result "1-0"]
[WhiteElo "2385"]
[BlackElo "2415"]

1.e4 c5 2.Nf3 d6 3.d4 cxd4 4.Nxd4 Nf6 5.Nc3 Nc6 6.Bg5 Bd7 7.Qd2 Rc8 8.O-O-O Nxd4
9.Qxd4 Qa5 10.f4 Rxc3 11.bxc3 e5 12.Qb4 Qxb4 13.cxb4 Nxe4 14.Bh4 g5 15.fxg5 Be7
16.Bc4 h6 17.Rhf1 Be6 18.Bxe6 fxe6 19.a3 b5 20.Rd3 hxg5 21.Bg3 g4 22.Kb2 Rh5
23.a4 d5 24.Kb3 bxa4+ 25.Kxa4 Nd6 26.Rc3 Bd8 27.Re1 Nf7 28.Rc8 Ke7 29.Ra8 Bb6
30.Rg8 Rf5 31.Rxg4 e4 32.Rf4 Rxf4 33.Bxf4 e5 34.Bg3 e3 35.Kb3 Ke6 36.c4 d4
37.c5 Bc7 38.Kc4 Ng5 39.Ra1 Bb8 40.b5 Ne4 41.Be1 Kf5 42.h3 Kf4 43.Ra3 Nf6
44.Ra6 Ne4 45.Rc6 Nd2+ 46.Kd3 Nb3 47.Rc8 e4+ 48.Kc4 d3 49.Kxb3 Be5 50.Rf8+ Kg5
51.Re8 Kf4 52.b6 axb6 53.cxb6 Bd6 54.b7 e2 55.Bd2+ Kf5 56.g4+ Kg6 57.Rxe4  1-0